Il sesso nella magia e nella superstizione /

-д хадгалсан:
Номзүйн дэлгэрэнгүй
Үндсэн зохиолч: Goodworth, Henry (Зохиогч)
Формат: Ном
Хэл сонгох:итали
Хэвлэсэн: Bologna : G. Malipiero, c1966
Шошгууд: Шошго нэмэх
Шошго байхгүй, Энэхүү баримтыг шошголох эхний хүн болох!

MARC

LEADER 00000nam a22000007i 4500
001 IT\ICCU\RLZ\0175247
003 ItRI
005 20260115232308.0
008 020405s1966 it |||||| ||||| |||||c
040 |b ita  |c importazione bologna sebina 
041 7 |a ita  |2 ISO-639-2 
100 1 |a Goodworth, Henry  |0 IT\ICCU\CFIV\176657  |4 aut 
245 1 3 |a Il sesso nella magia e nella superstizione /  |c Henry Goodworth. 
260 |a Bologna :  |b G. Malipiero,  |c c1966 
300 |a 123 p. ;  |c 17 cm. 
942 |2 ddc  |c BK  |n 0 
952 |0 0  |1 0  |4 0  |6 DOC_133_430000000000000_GOO  |7 0  |9 23727  |a BO  |b BO  |d 2026-01-15  |i 1185  |l 0  |o DOC 133.43 GOO  |p BO1185  |r 2026-01-15 23:23:08  |w 2026-01-15  |x [Sebina 5] [1 v.]  |y BK  |z 1 v. 
999 |c 20207  |d 20207